=LDR 00000nam 2200000 4500 =001 INLIS000000000025641 =005 20200916125542 =035 ##$$a 0010-061300000025641 =008 200916################g##########0#ind## =041 ##$$a Ind =082 ##$$a 304.2 =090 ##$$a 304.2, Dun d =245 ##$$a Dunia di tepi jurang kebinasaan /$c Penerjemah, Bambang Suryobroto, S.Maimun =260 ##$$a Jakarta :$b Yayasan Obor Indonesia,$c 1990. =300 ##$$a 270 hlm, ; $c 21 x 14 cm. =650 #4$$a Ekologi Manusia =850 ##$$a NBPNMAT =020 ##$$a 979-461-052-6 =084 ##$$a 304.2 DUN d =250 ##$$a Ed.1 =700 #$$a Bambang Suryobroto =700 #$$a S.Maimun =504 ##$$a Indeks :hlm.258-267 =520 ##$$a Biografi :hlm.268-269 =990 ##$$a 00052130 =990 ##$$a 7.330/Pro-1990